Cars Quiz - Word Chain - Statistics

General Stats
  • This quiz has been taken 93 times
  • The average score is 9 of 15
Answer Stats
Hint Answer % Correct
James Bond's favorite car brand Aston Martin
90%
Jeep and Land Rover make cars good for ___-roading Off
86%
They make the fast red cars for rich people Ferrari
85%
Color most associated with Lamborghini Yellow
85%
Country where the brands McLaren and Jaguar are from England
78%
Paul Walker's blue car from Fast & Furious Nissan Skyline
60%
Mazda is known for their _____ engines Rotary
57%
Engine layout of most muscle cars (spell out the number) V Eight
57%
Device that forces air into the engine, also a Porsche 911 variant Turbo
53%
Part of racecar that makes downforce on the rear, bigger than spoiler Wing
51%
Hyundai's luxury division Genesis
44%
Lesser-known Japanese brand known for small trucks Isuzu
40%
Long-nosed American sports car, rival to Corvette Dodge Viper
38%
Need for Speed game about street racing and tuner car culture Underground
24%
Tech in a car that tells you where you're going Satnav
21%
No matching quizzes found
Score Distribution
Percent of People with Each Score
Percentile by Number Answered
Your Score History
You have not taken this quiz